Statistics for Advanced Star Wars Quiz

Click here to take the quiz!

General Stats

  • This quiz has been taken 608 times
    (597 since last reset)
  • The average score is 9 of 15

Answer Stats

QuestionAnswer% Correct
What was Kylo Ren's real name?Ben Solo.
95%
Who has the largest midi-chlorian count out of these three?Anakin Skywalker
86%
What was the name of the place where Luke and Leia are born?Polis Massa
81%
What was the name of the order which came before the Republic?The Old Republic
78%
What planet is Luke's attempted New Jedi Order academy on?Ahch-to
70%
Who did Luke Skywalker fall in love with?Mara Jade
69%
Is Snoke a sith?No
66%
Which side of the force does Anakin Skywalker represent?Balance
65%
How many Jedi learned the ability to become a force ghost?4
61%
What is Yoda's midi-chlorian count?About 18,000
53%
Who was the most powerful force user in the history of the Star Wars universe?Darth Vitiate
51%
How many Sith learned the ability to become a force ghost?0
50%
Who is the most powerful Jedi of all time?Luke Skywalker
34%
Who is the most powerful Sith Lord of all time?Exar Kun
21%
How many children did Han and Leia have?4, Jaina, Jacen, Anakin and Ben Solo.
14%

Score Distribution

Percentile by Number Answered

Percent of People with Each Score

Your Score History

You have not taken this quiz since the last reset